| 000 | 01087nam a22002537a 4500 | ||
|---|---|---|---|
| 003 | BPGM | ||
| 008 | 260630b mx ||||| |||| 00| 0 spa d | ||
| 020 | _a978-607-7981-02-2 | ||
| 040 | _bSPA | ||
| 041 |
_aSPA _hSPA |
||
| 082 | 0 | 4 |
_aCQ / 972.45 _bS48 |
| 100 |
_aSEPTIÉN Y SEPTIÉN MANUEL _eAUTOR |
||
| 245 | _aHISTORIA DE QUERÉTARO | ||
| 260 |
_aMÉXICO _bLIBRARIUS _c2013 |
||
| 300 |
_a235 PÁGINAS _c14 CM X 20 CM |
||
| 336 |
_2rdacontent _atexto _btxt |
||
| 337 |
_2rdamedia _asin mediación _bn |
||
| 338 |
_2rdacarrier _avolumen _bnc |
||
| 505 | _aABARCA EL DESARROLLO REGIONAL DESDE LA ÉPOCA PREHISPÁNICA HASTA PRINCIPIOS DEL SIGLO XIX, CENTRÁNDOSE EN LA FUNDACIÓN DE LA CIUDAD, LA CONQUISTA, LOS GRUPOS INDÍGENAS Y LA EVOLUCIÓN SOCIAL Y GEOPOLÍTICA. LA OBRA DETALLA LA BATALLA DEL CERRO DE SANGREMAL, EL TRAZO URBANO, LA CONSTRUCCIÓN DEL ACUEDUCTO Y CONVIVENCIA SOCIAL DURANTE LA ÉPOCA COLONIAL. | ||
| 650 | _2GEOGRAFÍA E HISTORIA | ||
| 650 | _2HISTORIA GENERAL DE AMÉRICA DEL NORTE | ||
| 650 | _2MESOAMÉRICA (AMÉRICA MEDIA) MÉXICO | ||
| 942 |
_2ddc _cCOLQ |
||
| 999 |
_c68724 _d68724 |
||